Vista normal
Vista MARC
Entrada Corporate Name
Número de registros utilizados en: 6
001 - CONTROL NUMBER
- control field: 2761
003 - CONTROL NUMBER IDENTIFIER
- control field: OSt
005 - DATE AND TIME OF LATEST TRANSACTION
- control field: 20131018193222.0
008 - FIXED-LENGTH DATA ELEMENTS
- fixed length control field: 131018|||a|||||| | ||| d
040 ## - CATALOGING SOURCE
- Original cataloging agency: OSt
- Transcribing agency: OSt
110 ## - HEADING--CORPORATE NAME
- Corporate name or jurisdiction name as entry element: Foro de la Seguridad Social Argentina
670 ## - SOURCE DATA FOUND
- Source citation: Work cat.: (OSt): Foro de la Seguridad Social Argentina, Curso de Capacitacion en Medicina Familiar. Modulo 3, s/f